000 01022nam a2200313 a 4500
001 000110861
003 CHAP
005 20220329144148.0
008 141013s1993 mx a |r| |||||||spa d
010 _a107323
011 _a108295
040 _cCHAP
082 0 4 _a630.97273
_bR42
245 0 0 _aReporte del viaje de estudio realizado al Valle de Iguala Guerrero /
_ccoordinado por David Bello López.
260 _aChapingo, Méx. :
_bUACH. Departamento de Preparatoria Agrícola,
_c1993.
300 _a[31] h. :
_bil.
590 _aE11695DGD
_b10
_c20141020
_lUCH01
_h1255
590 _aE6096MTM
_b05
_c20141013
_lUCH01
_h1438
590 _aE6096MTM
_b05
_c20141013
_lUCH01
_h1440
590 _aE6096MTM
_b05
_c20141014
_lUCH01
_h0931
650 1 4 _aAgricultura
_xTrópicos.
_91888
650 1 4 _aCultivos y clima.
_930392
650 1 4 _aCultivos
_xRendimiento.
_930318
651 4 _aGuerrero
_xViajes de estudio.
_9128607
700 1 _aBello López, David
_ecoord.
_9128611
901 _aBK
942 _cLIBRO
942 _n0
999 _c107323
_d107323